| 000 | 00379nam a22001457a 4500 | ||
|---|---|---|---|
| 999 |
_c7907 _d7907 |
||
| 003 | OSt | ||
| 005 | 20190319122209.0 | ||
| 008 | 190319b ||||| |||| 00| 0 eng d | ||
| 040 | _cDLC | ||
| 082 | _a264.13 | ||
| 245 |
_aPraying God's Word/ _bA Practical Guide to Victorious Prayer/ |
||
| 260 |
_aTulsa, Ok: _bHarrision House: _cc. 1979 |
||
| 300 |
_a29 p.; _c20 cm |
||
| 942 |
_2ddc _cBK |
||